| 000 | 00922nam a2200205 i 4500 | ||
|---|---|---|---|
| 001 | 21283 | ||
| 003 | ES-MaACL | ||
| 005 | 20230906152443.0 | ||
| 007 | t| | ||
| 008 | 021122s1923 sp ||||1| spa d | ||
| 100 | 1 |
_aAlberca Lorente, Román. _919266 |
|
| 245 | 1 | 0 |
_aAlgunas observaciones favorables al origen monocelular de los corpúsculos gigantes / _cR. Alberca. |
| 260 |
_a[Madrid : _bJunta para Ampliación de Estudios e Investigaciones Científicas], 1923. |
||
| 300 |
_a6 p. : _bil. ; _c21 cm. |
||
| 490 | 1 |
_aTrabajos del Laboratorio de Histología Normal y Patológica de la Junta para Ampliación de Estudios ; _v29 |
|
| 500 | _aSeparata del "Boletín de la Socierdad Española de Biología". Año X. Fasc. V. 1923. | ||
| 830 | 0 |
_aTrabajos del Laboratorio de Histología Normal y Patológica de la Junta para Ampliación de Estudios ; _v29 _9183868 |
|
| 852 |
_aES-MaACL _j1667-F-3 |
||
| 999 |
_c21283 _d21283 |
||